Německý a evropský přístup k mnohostranným síťovým trhům (s přihléhnutím k rozhodnutí německého Bundeskartellamtu ve věci Facebook z února 2019)

Voľné pokračovanie príspevku z č. 3/2018. Pohľad na najnovší vývoj v oblasti súťažno-právnej "digitálnej" problematiky charakteristickej mnohostrannými sieľovými trhmi a sieťovými obchodnými modelmi, ktoré sú kontrolované niekoľko málo dominantnými internetovými hráčmi.

Na minha lista:
Detalhes bibliográficos
Autor principal: Musil, Aleš
Formato: Capítulo de Livro
Idioma:tcheco
Assuntos:
Tags: Adicionar Tag
Sem tags, seja o primeiro a adicionar uma tag!

MARC

LEADER 00000naa a2200000 4500
001 0257544
005 20190815093857.4
041 0 |a cze 
044 |a CZ 
245 1 0 |a Německý a evropský přístup k mnohostranným síťovým trhům  |b (s přihléhnutím k rozhodnutí německého Bundeskartellamtu ve věci Facebook z února 2019)  |c Aleš Musil 
520 |a Voľné pokračovanie príspevku z č. 3/2018. Pohľad na najnovší vývoj v oblasti súťažno-právnej "digitálnej" problematiky charakteristickej mnohostrannými sieľovými trhmi a sieťovými obchodnými modelmi, ktoré sú kontrolované niekoľko málo dominantnými internetovými hráčmi. 
610 2 0 |a politika protimonopolná 
610 2 0 |a právo súťažné 
610 2 0 |a konkurencia 
610 2 0 |a Nemecko 
610 2 0 |a trh elektronický 
610 2 0 |a internet 
610 2 0 |a harmonizácia 
610 2 0 |a Európska únia 
610 2 0 |a dohody obchodné 
100 1 |a Musil, Aleš